000 00739nam a2200217Ia 4500
003 IN-BaIIA
008 211028s9999 xx 000 0 eng d
020 _a0379-6566
040 _cIIA Library
080 _a551.510.5(063)
_bESA
245 0 _aAchievements of the International magnetospheric study(IMS)
_cedited by Bruce Battrick and Erica Rolfe
260 _aFrance
_bEuropean Space Agency
_c1984
300 _a[various pagings.]
650 _aAstronomy and astrophysics thesaurus
650 _aIonosphere
650 _aMagnetosphere
_93270
650 _aMagnetospheric substroms
_910003
700 _aBattrick Bruce., ed.
_914538
700 _aRolfe, Erica., ed.
_914539
942 _cBK
999 _c8658
_d8658